00455nam a2200157Ia 4500008004100000020002200041041000800063082001600071100003700087245004200124260005300166300001200219365001200231650002700243650002700270210719s2020 xx 000 0 und d a978-93-5357-799-5 aeng a820.33 NASS aNASREEN (Taslima);Sinha, Arunava aShameless:a novel Tr by Arunava sinha aUttar PradeshbHarper & Collins Publishersc2020 a282bPB b399cRs aIndian English Fiction aIndian English Fiction